Tư duy thiết kế lấy người dùng làm trung tâm = The design of everyday things : Bí quyết tạo ra sản phẩm mọi khách hàng đều mong muốn

Nội dung sách đưa ra những nguyên tắc cơ bản cần thiết trong thiết kế sản phẩm để loại bỏ rắc rối và biến các vật dụng trong đời sống hàng ngày trở nên thú vị, mang lại niềm vui và sự thoải mái cho người dùng...

Ausführliche Beschreibung

Gespeichert in:
Bibliographische Detailangaben
1. Verfasser: Norman, Don
Weitere Verfasser: Phương Lan (Dịch)
Format: Buch
Sprache:Vietnamese
Veröffentlicht: H. Công thương 2024
Ausgabe:Tái bản lần thứ 1
Schlagworte:
Tags: Tag hinzufügen
Keine Tags, Fügen Sie den ersten Tag hinzu!
Thư viện lưu trữ: Thư viện Trường Đại học Nam Cần Thơ
LEADER 01633nam a22002417a 4500
001 NCT_4_026100
008 250911b xxu||||| |||| 00| 0 vie d
999 |c 9289  |d 9289 
020 |a 9786044816906  |c 199000 
082 0 4 |2 23rd ed.  |a 745.2  |b N842 
100 1 |a Norman, Don 
245 1 0 |a Tư duy thiết kế lấy người dùng làm trung tâm  |b = The design of everyday things : Bí quyết tạo ra sản phẩm mọi khách hàng đều mong muốn  |c Don Norman ; Phương Lan (Dịch) 
250 |a Tái bản lần thứ 1 
260 |a H.  |b Công thương  |c 2024 
300 |a 377 tr.  |b Minh họa  |c 24 cm 
520 3 |a Nội dung sách đưa ra những nguyên tắc cơ bản cần thiết trong thiết kế sản phẩm để loại bỏ rắc rối và biến các vật dụng trong đời sống hàng ngày trở nên thú vị, mang lại niềm vui và sự thoải mái cho người dùng 
653 |a Truyền thông đa phương tiện 
700 0 |a Phương Lan  |e Dịch 
942 |2 ddc  |c BK 
952 |0 0  |1 0  |2 ddc  |4 0  |6 745_200000000000000_N842  |7 0  |9 31396  |a 000001  |b 000001  |d 2025-09-19  |o 745.2 N842  |p MD.24430  |r 2025-09-19  |v 199000.00  |w 2025-09-19  |y BK 
952 |0 0  |1 0  |2 ddc  |4 0  |6 745_200000000000000_N842  |7 0  |9 31397  |a 000001  |b 000001  |d 2025-09-19  |l 1  |o 745.2 N842  |p MD.24431  |r 2025-10-18  |s 2025-10-08  |v 199000.00  |w 2025-09-19  |y BK 
952 |0 0  |1 0  |2 ddc  |4 0  |6 745_200000000000000_N842  |7 0  |9 31398  |a 000001  |b 000001  |d 2025-09-19  |o 745.2 N842  |p MD.24432  |r 2025-09-19  |v 199000.00  |w 2025-09-19  |y BK 
980 |a Thư viện Trường Đại học Nam Cần Thơ